<?xml version="1.0" encoding="UTF-8"?>
<record
    xmlns:xsi="http://www.w3.org/2001/XMLSchema-instance"
    xsi:schemaLocation="http://www.loc.gov/MARC21/slim http://www.loc.gov/standards/marcxml/schema/MARC21slim.xsd"
    xmlns="http://www.loc.gov/MARC21/slim">

  <leader>01812nam a2200277Ia 4500</leader>
  <controlfield tag="005">20231102151526.0</controlfield>
  <controlfield tag="008">121101s1998    mx     f      000 0 spa d</controlfield>
  <datafield tag="020" ind1=" " ind2=" ">
    <subfield code="a">970170181X</subfield>
  </datafield>
  <datafield tag="050" ind1=" " ind2=" ">
    <subfield code="a">HD58.7 R63218 1998</subfield>
  </datafield>
  <datafield tag="100" ind1="1" ind2="0">
    <subfield code="a">Stephen, Robbins</subfield>
    <subfield code="e">Autor</subfield>
  </datafield>
  <datafield tag="240" ind1=" " ind2=" ">
    <subfield code="a">Essentials of organizational behavior. 5th ed. </subfield>
    <subfield code="l">Espa&#xF1;ol</subfield>
  </datafield>
  <datafield tag="245" ind1="1" ind2="0">
    <subfield code="a">Fundamentos de comportamiento organizacional</subfield>
    <subfield code="c">/ Robbins Stephen</subfield>
  </datafield>
  <datafield tag="250" ind1=" " ind2=" ">
    <subfield code="a">5a ed.</subfield>
  </datafield>
  <datafield tag="260" ind1=" " ind2=" ">
    <subfield code="a">Mexico : </subfield>
    <subfield code="b">Pearson</subfield>
    <subfield code="c">1998</subfield>
  </datafield>
  <datafield tag="300" ind1=" " ind2=" ">
    <subfield code="a">314 p&#xE1;ginas</subfield>
  </datafield>
  <datafield tag="500" ind1=" " ind2=" ">
    <subfield code="a">Traduccion de: Essentials of organizational behavior. 5th ed. </subfield>
  </datafield>
  <datafield tag="505" ind1="1" ind2=" ">
    <subfield code="a">Contenido

Prologo

Introducci&#xF3;n al comportamiento organizacional
El comportamiento organizacional

El individuo en la organizaci&#xF3;n

Principios del comportamiento organizacional
Conceptos B&#xE1;sicos de la motivaci&#xF3;n
Motivaci&#xF3;n de los conceptos a las aplicaciones
Tema individual de decisiones

Los grupo en las organizaci&#xF3;n

Principios del comportamiento grupal
Para comprender los equipos de trabajo
Comunicaci&#xF3;n
]Liderazgo
Poder y pol&#xED;tica
Conflicto y negociaci&#xF3;n

El sistema de la organizaci&#xF3;n

Fundamentos de la estructura organizacional
Tecnolog&#xED;a y dise&#xF1;o del trabajo
Evaluaci&#xF3;n y desempe&#xF1;o y sistemas de recompensas
Cultura organizacional
Cambio y desarrollo organizacionales</subfield>
  </datafield>
  <datafield tag="519" ind1=" " ind2=" ">
    <subfield code="a">Plan Flexible</subfield>
    <subfield code="b">Maestr&#xED;a Administraci&#xF3;n de Negocios</subfield>
    <subfield code="c">Factor humano y organizaci&#xF3;n (B02-1)</subfield>
    <subfield code="d">(12 003645)</subfield>
  </datafield>
  <datafield tag="519" ind1=" " ind2=" ">
    <subfield code="a">Material Complementario / </subfield>
    <subfield code="d">(04 001896) </subfield>
  </datafield>
  <datafield tag="519" ind1=" " ind2=" ">
    <subfield code="a">Material Complementario / </subfield>
    <subfield code="d">(04 002097) </subfield>
  </datafield>
  <datafield tag="519" ind1=" " ind2=" ">
    <subfield code="a">Material Complementario / </subfield>
    <subfield code="d">(04 002402) </subfield>
  </datafield>
  <datafield tag="519" ind1=" " ind2=" ">
    <subfield code="a">Plan Flexible /</subfield>
    <subfield code="b">Ingenier&#xED;a Industrial /</subfield>
    <subfield code="c">Psicolog&#xED;a Industrial (P18-3) /</subfield>
    <subfield code="d">(06 000536)</subfield>
  </datafield>
  <datafield tag="650" ind1="1" ind2="4">
    <subfield code="a">COMPORTAMIENTO ORGANIZACIONAL</subfield>
  </datafield>
  <datafield tag="700" ind1="1" ind2="0">
    <subfield code="a">D&#xE1;vila Mart&#xED;nez,  Jos&#xE9; Francisco Javier</subfield>
    <subfield code="e">traductor</subfield>
  </datafield>
  <datafield tag="942" ind1=" " ind2=" ">
    <subfield code="2">lcc</subfield>
    <subfield code="c">LB</subfield>
  </datafield>
  <datafield tag="952" ind1=" " ind2=" ">
    <subfield code="0">0</subfield>
    <subfield code="1">0</subfield>
    <subfield code="4">0</subfield>
    <subfield code="7">0</subfield>
    <subfield code="a">04</subfield>
    <subfield code="b">04</subfield>
    <subfield code="d">2008-08-15</subfield>
    <subfield code="l">1</subfield>
    <subfield code="o">HD58.7  R6318  1998</subfield>
    <subfield code="p">04 001896</subfield>
    <subfield code="r">2018-10-29</subfield>
    <subfield code="s">2018-10-29</subfield>
    <subfield code="t">1</subfield>
    <subfield code="w">2012-06-24</subfield>
    <subfield code="y">LB</subfield>
  </datafield>
  <datafield tag="952" ind1=" " ind2=" ">
    <subfield code="0">0</subfield>
    <subfield code="1">0</subfield>
    <subfield code="4">0</subfield>
    <subfield code="7">0</subfield>
    <subfield code="a">04</subfield>
    <subfield code="b">04</subfield>
    <subfield code="d">2008-09-10</subfield>
    <subfield code="l">5</subfield>
    <subfield code="o">HD58.7  R6318  1998</subfield>
    <subfield code="p">04 002097</subfield>
    <subfield code="r">2019-08-08</subfield>
    <subfield code="s">2019-08-08</subfield>
    <subfield code="t">2</subfield>
    <subfield code="w">2012-06-24</subfield>
    <subfield code="y">LB</subfield>
  </datafield>
  <datafield tag="952" ind1=" " ind2=" ">
    <subfield code="0">0</subfield>
    <subfield code="1">0</subfield>
    <subfield code="4">0</subfield>
    <subfield code="7">0</subfield>
    <subfield code="a">04</subfield>
    <subfield code="b">04</subfield>
    <subfield code="d">2008-11-14</subfield>
    <subfield code="l">8</subfield>
    <subfield code="m">2</subfield>
    <subfield code="o">HD58.7  R6318  1998</subfield>
    <subfield code="p">04 002402</subfield>
    <subfield code="r">2018-11-14</subfield>
    <subfield code="s">2018-11-14</subfield>
    <subfield code="t">3</subfield>
    <subfield code="w">2012-06-24</subfield>
    <subfield code="y">LB</subfield>
  </datafield>
  <datafield tag="952" ind1=" " ind2=" ">
    <subfield code="0">0</subfield>
    <subfield code="1">0</subfield>
    <subfield code="4">0</subfield>
    <subfield code="7">0</subfield>
    <subfield code="a">22</subfield>
    <subfield code="b">22</subfield>
    <subfield code="d">2009-09-11</subfield>
    <subfield code="l">8</subfield>
    <subfield code="o">HD58.7 R6318 1998</subfield>
    <subfield code="p">06 000536</subfield>
    <subfield code="r">2016-11-17</subfield>
    <subfield code="s">2016-11-17</subfield>
    <subfield code="t">1</subfield>
    <subfield code="w">2012-06-26</subfield>
    <subfield code="y">LB</subfield>
  </datafield>
  <datafield tag="952" ind1=" " ind2=" ">
    <subfield code="0">0</subfield>
    <subfield code="1">0</subfield>
    <subfield code="4">0</subfield>
    <subfield code="7">0</subfield>
    <subfield code="a">07</subfield>
    <subfield code="b">07</subfield>
    <subfield code="d">2008-12-23</subfield>
    <subfield code="l">0</subfield>
    <subfield code="o">HD58.7 R63218</subfield>
    <subfield code="p">07 000250</subfield>
    <subfield code="r">2012-06-26</subfield>
    <subfield code="t">1</subfield>
    <subfield code="w">2012-06-26</subfield>
    <subfield code="y">LB</subfield>
  </datafield>
  <datafield tag="952" ind1=" " ind2=" ">
    <subfield code="0">0</subfield>
    <subfield code="1">0</subfield>
    <subfield code="4">0</subfield>
    <subfield code="7">0</subfield>
    <subfield code="a">07</subfield>
    <subfield code="b">07</subfield>
    <subfield code="d">2010-09-09</subfield>
    <subfield code="l">1</subfield>
    <subfield code="o">HD58.7 R63218</subfield>
    <subfield code="p">07 000794</subfield>
    <subfield code="r">2014-02-26</subfield>
    <subfield code="s">2014-01-22</subfield>
    <subfield code="t">2</subfield>
    <subfield code="w">2012-06-26</subfield>
    <subfield code="y">LB</subfield>
  </datafield>
  <datafield tag="952" ind1=" " ind2=" ">
    <subfield code="0">0</subfield>
    <subfield code="1">0</subfield>
    <subfield code="4">0</subfield>
    <subfield code="7">0</subfield>
    <subfield code="a">08</subfield>
    <subfield code="b">08</subfield>
    <subfield code="d">2008-12-17</subfield>
    <subfield code="l">14</subfield>
    <subfield code="m">4</subfield>
    <subfield code="o">HD58.7 R63218 1998</subfield>
    <subfield code="p">08 001666</subfield>
    <subfield code="r">2023-06-06</subfield>
    <subfield code="s">2023-06-06</subfield>
    <subfield code="t">1</subfield>
    <subfield code="w">2012-07-20</subfield>
    <subfield code="y">LB</subfield>
  </datafield>
  <datafield tag="952" ind1=" " ind2=" ">
    <subfield code="0">0</subfield>
    <subfield code="1">0</subfield>
    <subfield code="4">0</subfield>
    <subfield code="7">0</subfield>
    <subfield code="a">08</subfield>
    <subfield code="b">08</subfield>
    <subfield code="d">2009-03-19</subfield>
    <subfield code="l">17</subfield>
    <subfield code="m">3</subfield>
    <subfield code="o">HD58.7 R63218 1998</subfield>
    <subfield code="p">08 001667</subfield>
    <subfield code="r">2018-02-26</subfield>
    <subfield code="s">2018-02-26</subfield>
    <subfield code="t">2</subfield>
    <subfield code="w">2012-07-20</subfield>
    <subfield code="y">LB</subfield>
  </datafield>
  <datafield tag="952" ind1=" " ind2=" ">
    <subfield code="0">0</subfield>
    <subfield code="1">0</subfield>
    <subfield code="4">0</subfield>
    <subfield code="7">0</subfield>
    <subfield code="a">08</subfield>
    <subfield code="b">08</subfield>
    <subfield code="d">2009-03-19</subfield>
    <subfield code="l">12</subfield>
    <subfield code="m">3</subfield>
    <subfield code="o">HD58.7 R63218 1998</subfield>
    <subfield code="p">08 001668</subfield>
    <subfield code="r">2023-09-18</subfield>
    <subfield code="s">2023-09-18</subfield>
    <subfield code="t">3</subfield>
    <subfield code="w">2012-07-20</subfield>
    <subfield code="y">LB</subfield>
  </datafield>
  <datafield tag="952" ind1=" " ind2=" ">
    <subfield code="0">0</subfield>
    <subfield code="1">0</subfield>
    <subfield code="2">lcc</subfield>
    <subfield code="4">0</subfield>
    <subfield code="7">0</subfield>
    <subfield code="a">12</subfield>
    <subfield code="b">12</subfield>
    <subfield code="d">2008-11-28</subfield>
    <subfield code="l">0</subfield>
    <subfield code="o">HD58.7 R63218 1998</subfield>
    <subfield code="p">12 003645</subfield>
    <subfield code="r">2015-04-22</subfield>
    <subfield code="t">1</subfield>
    <subfield code="w">2012-11-01</subfield>
    <subfield code="y">LB</subfield>
  </datafield>
  <datafield tag="999" ind1=" " ind2=" ">
    <subfield code="c">88414</subfield>
    <subfield code="d">88414</subfield>
  </datafield>
</record>
